Ohio State Facts - Statistics

General Stats
  • This quiz has been taken 63 times
    62 since last reset
  • The average score is 7 of 11
Answer Stats
Question Answer % Correct
What is the name for Ohio State? Buckeyes
100%
Where is Ohio State located? Columbus
100%
Who is the big rival for Ohio State? Hint: The Game Michigan
100%
What is the Mascot's Name? Brutus The Buckeye
80%
What year was the last national championship win? 2014
70%
What is another name that Ohio State calls them? TTUN
70%
What year was the first national championship win? 1942
60%
What is the capacity in the Ohio State football stadium? 102,082
50%
How many national championships does Ohio State have up to 2019? 8
40%
How many acres is the football stadium? 10
30%
How big is the football stadium by Height? 166 feet
20%
No matching quizzes found
Score Distribution
Percent of People with Each Score
Percentile by Number Answered
Your Score History
You have not taken this quiz since the last reset